Travels with Nadighosh: (Record no. 212461)

MARC details
000 -LEADER
fixed length control field 00680nam a22002057a 4500
005 - DATE AND TIME OF LATEST TRANSACTION
control field 20250722150222.0
010 ## - LCCN (DPL NO)
LC control number ENG-146060
020 ## - INTERNATIONAL STANDARD BOOK NUMBER
Terms of availability 350.00
International Standard Book Number 9788195832477
035 ## - SYSTEM CONTROL NUMBER
System control number EN-129592
037 ## - SOURCE OF ACQUISITION
Source of stock number/acquisition DBAD
082 ## - DEWEY DECIMAL CLASSIFICATION NUMBER
Classification number 808.883
Edition number 1
100 ## - MAIN ENTRY--PERSONAL NAME
Personal name Mutalkar, Satish
245 ## - TITLE STATEMENT
Title Travels with Nadighosh:
Remainder of title Demystifying Krishna/
Statement of responsibility, etc Satish Mutalkar [and] Yeshwant Marathe
250 ## - EDITION STATEMENT
Edition statement 1
260 ## - PUBLICATION, DISTRIBUTION, ETC. (IMPRINT)
Place of publication, distribution, etc Mumbai
Name of publisher, distributor, etc Popular Prakashan
Date of publication, distribution, etc 2023
270 ## - ADDRESS
Address 301, Mahalaxmi Chambers 22, Bhulabhai Desai Road
City Mumbai
Postal code 400026
Electronic mail address www.popularprakashan.com
300 ## - PHYSICAL DESCRIPTION
Extent 160p.
Dimensions 22cm(pb)
700 ## - ADDED ENTRY--PERSONAL NAME
Personal name Yeshwant Marathe
Relator term Author
9 (RLIN) 83136
942 ## - ADDED ENTRY ELEMENTS (KOHA)
Source of classification or shelving scheme Dewey Decimal Classification
Item type English Books
Call number suffix MUT
Classification part 808.883
Holdings
Withdrawn status Lost status Not for loan Collection code Home library Current library Date acquired Source of acquisition Cost, normal purchase price Full call number Barcode Copy number Cost, replacement price Koha item type
      Non-fiction Sarojini Nagar Sarojini Nagar 22/07/2025 Delivery of Books Act Division 350.00 MUT 808.883 EN-129592 1 350.00 English Books

© Delhi Public Library
Hit Counter
free hit counter